Missing Word: Title Questions Quiz Stats

Quiz Updated Apr 28, 2016

Challenge
Share
Tweet
Embed
Score 0/27 Timer 04:00
0 Plays Today
% Correct
There
96%
Millionaire
95.3%
5th
95%
Feel
94.9%
Shall
91.9%
Line
90.9%
Dude
87.8%
Brother
87.7%
Afraid
87%
Lately
84.5%
José
81.1%
Boss
80.5%
Dance
79.7%
Car
78.3%
% Correct
Lie
78%
Doc
76.4%
Rain
73.8%
New
72.5%
Baby
70.7%
Flowers
67.9%
Lonesome
64%
Army
62.7%
Really
58.8%
Who
52.4%
Bob
50.4%
Served
49.8%
Morgans
14.2%

Today's Daily Dose

Missing Word
Fruity Song Titles

Quick Pick
Double Blanks

On This Day
June 22nd II

You're not logged in!

Compare scores with friends on all Sporcle quizzes.
Join for Free
OR
Log In

You Might Also Like...

Show Comments

Extras

Top Quizzes Today


Score Distribution

Your Account Isn't Verified!

In order to create a playlist on Sporcle, you need to verify the email address you used during registration. Go to your Sporcle Settings to finish the process.

Report this User

Report this user for behavior that violates our Community Guidelines.

Details: